00493 2200181 4500001002100000005001500021008004100036020002200077035002000099082000800119084001400127100002000141245005800161260004400219300002600263650001000289990001200299INLIS00000000000270420251007090949251007 0  a978-623-7478-82-9 a0010-0925000051 a000 a000 NAT k aNatan S. Gultom1 aKiat Jitu Memikat Hati Pewawancara /cNatan S. Gultom aJakarta :bEsensi Erlangga Group,c2022 a137 ;c(14,5 x 21 cm) 4aFiksi a0754906